Riconosci gli Stati dal satellite - Quiz n°1 - Statistics

Statistiche generali
  • Questo quiz è stato fatto 16 volte
  • Il punteggio medio è 3 su 10
Statistiche sulle risposte
con Immagini Risposta % Corretto
Indonesia
100%
Haiti
46%
Tanzania
46%
Timor Est
38%
Belgio
31%
Repubblica Dominicana
31%
Isole Marshall
15%
Liberia
15%
Macedonia del Nord
15%
Repubblica del Congo
0%
Nessun quiz corrispondente trovato
Distribuzione punteggi
Percentuale di utenti per punteggio
Percentile per numero di risposta
I tuoi punteggi nel tempo
Non hai fatto questo quiz